00529cam a2200181 a 450000100060000000300090000600500170001500800410003202000150007303500230008804000330011108200190014424500540016326000320021730000480024950000190029765000310031612537BD-DhUAP20210113121349.0210113s2006 ii a bd 000 0 eng d a8126506725 a(OCoLC)ocm55677958 aIBMcIBMdZWTdBD-DhUAPbeng 223a004.67 BEG00aBeginning ASP.NET 2.0 /cChris Hart ... [et al.]. aNew Delhi :bWiley,cc2006. axxiii, 759 pages :billustrations ;c26 cm. aIncludes index aComputer program language.